| 000 | 00486 a2200181 4500 | ||
|---|---|---|---|
| 082 | _a332.1 | ||
| 090 |
_c4010 _d4010 |
||
| 100 | _aMuhammad Saeed Khan | ||
| 245 |
_aBanking Currency & Finance _cMuhammad Saeed Khan |
||
| 250 | _bRevised Edition | ||
| 260 |
_aMultan, Pakistan _bMarhaba Publishers _c1999 |
||
| 300 | _a296 | ||
| 500 | _apaperback | ||
| 505 | _tMuhammad Saeed Khan | ||
| 600 | _aMuhammad Saeed Khan | ||
| 700 | _aMuhammad Saeed Khan | ||
| 942 |
_aNBS _cBK _k332.1 KHA |
||
| 999 |
_c346469 _d346469 |
||